000 01726cam a2200349 a 4500
001 4960972
003 OSt
005 20220119123637.0
008 970129s1998 mauak 001 0 eng
010 _a 97005652
020 _a9781305772823
020 _a1305772822
040 _aDLC
_cDLC
_dDLC
043 _an-us---
050 0 0 _aKF3455.C61
082 0 0 _a344.7301
_221
100 _qClarkson, Kenneth W.
245 1 0 _aBusiness law. /
_cKenneth W. Clarkson, Roger LeRoy Miller, Frank B. Cross
246 _aBUS 375: Business Law 1
250 _a2nd ed.
_bCustom edition
260 _aBoston, MA:
_bCengage,
_c2015.
300 _axxiv, 372 p. + [various pagings]:
_bill.;
500 _aIncludes glossary.
505 _aContents: Law and legal reasoning -- Courts and alternative dispute resolution -- Court procedures -- Business and the constitution -- Business ethics -- Torts -- Strict liability and product liability -- Intellectual property rights -- Internet law, social media and privacy -- Criminal law and cyber crime -- Nature and terminology -- Agreement in traditional and E-contracts -- Consideration -- Capacity and legality -- Mistakes, fraud and voluntary consent -- The writing requirement and electronic records -- Third party rights -- Performance and discharge in traditional and E-contracts -- Breach of contract and remedies --
650 0 _aLabor laws and legislation
_zUnited States.
650 0 _aDiscrimination in employment
_xLaw and legislation
_zUnited States.
700 _qMiller, Roger LeRoy
700 _qCross, Frank B.
906 _a7
_bcbc
_corignew
_d1
_eocip
_f19
_gy-gencatlg
942 _2lcc
_cBK
999 _c8440
_d15940